000 00635nam a2200253Ia 4500
003 OSt
005 20221006143919.0
006 a|||||r|||| 00| 0
007 ta
008 221006b |||||||| |||| 00| 0 eng d
020 _c
_15.95
024 _a10,387
037 _cTextual
040 _aEASL
_cEASL
_beng
041 _2eng
_aeng
082 _aW.41.N7, L51
100 _aCHEN Jack
_9135563
245 0 _aInside the cultural revolution
260 _aNew York
_bMacmillan Pub
_c1975
300 _a483p.
_ccm.
490 _v CEL
942 _hW.41.N7, L51
_cTEXL
_2CC
999 _c1078473
_d1078473